Sports Quiz

Random Sports Quiz
Score 0/32 Timer 04:00
0 Plays Today
Quarterback % Correct
Peyton Manning
96.7%
Eli Manning
95.3%
Donovan McNabb
88.7%
Tony Romo
88%
Brett Favre
88%
Drew Brees
87.3%
Matt Ryan
86.7%
Matthew Stafford
86%
Phillip Rivers
86%
Kevin Kolb
85.3%
Matt Hasselbeck
84.7%
Vince Young
84.7%
Aaron Rodgers
84%
Mark Sanchez
84%
Jay Cutler
83.3%
Matt Schaub
83.3%
Quarterback % Correct
Kyle Orton
82.7%
Matt Cassel
82.7%
Chad Henne
82.7%
Sam Bradford
82.7%
Alex Smith
82.7%
Carson Palmer
80.7%
Derek Anderson
80%
Joe Flacco
80%
David Garrard
79.3%
Josh Freeman
79.3%
Jason Campbell
77.3%
Matt Moore
72%
Jake Delhomme
72%
Trent Edwards
70%
Dennis Dixon
64.7%
Tom Brady
40.7%
Remove Ads.
Support Sporcle.
Get the best of Sporcle when you Go Orange. This ad-free experience offers more features, more stats, and more fun while also helping to support Sporcle. Thank you for becoming a member.

You're not logged in!

Compare scores with friends on all Sporcle quizzes.
OR
Log In

Show Comments

Extras

Created Nov 4, 2010ReportNominate
Tags:2010, Quarterbacks, Starter

Top Quizzes Today


Score Distribution

Your Account Isn't Verified!

In order to create a playlist on Sporcle, you need to verify the email address you used during registration. Go to your Sporcle Settings to finish the process.

Report this User

Report this user for behavior that violates our Community Guidelines.

Details: